[Event "Interzonal-11a"]
[Site "Riga"]
[Date "1979.09.09"]
[Round "4"]
[White "Larsen, Bent"]
[Black "Ribli, Zoltan"]
[Result "1-0"]
[WhiteElo "2620"]
[BlackElo "2595"]
[Annotator "Ftacnik,L"]
[PlyCount "71"]
[EventDate "1979.09.05"]
[EventType "tourn"]
[EventRounds "17"]
[EventCountry "URS"]
[EventCategory "12"]
[SourceTitle "IZT"]
[Source "ChessBase"]
[SourceDate "1999.07.01"]
[SourceVersion "1"]
[SourceVersionDate "1999.07.01"]
[SourceQuality "1"]

1. c4 c5 2. g3 g6 3. Bg2 Bg7 4. Nf3 Nf6 5. O-O O-O 6. Nc3 Nc6 7. d4 d6 8. dxc5
dxc5 9. Bf4 Nh5 10. Be3 Nd4 11. Qd2 (11. Qc1 Qa5 12. Re1 (12. Kh1 Be6 13. Ng1
Bxc4 14. Bxb7 Rab8 15. Bg2 Rfc8 16. Bh3 e6 $13 {Djuric-Polgar,S New York 1987})
12... Be6 13. Bd2 Qd8 14. b3 Qd7 15. Bh6 Rad8 16. Bxg7 Kxg7 17. Ng5 Bf5 18. Rd1
Bc2 $6 (18... Qc8 $5) 19. Rd2 Qf5 20. Nge4 Bxb3 21. Nd5 $1 $14 {Lehman-Juferov
Plovdiv 1985}) 11... Bg4 12. Rad1 Bxf3 13. exf3 e6 (13... Qd7) 14. Ne4 b6 15.
b4 Qc7 16. bxc5 Rfd8 $6 (16... bxc5 $5 17. Nxc5 Qxc5 18. Bxd4 Qxc4 19. Bxg7
Nxg7) 17. cxb6 axb6 18. Qb4 Rxa2 19. Kh1 h6 20. Rb1 f5 21. Nc3 Rc2 22. Rfd1 f4
23. gxf4 Nxf4 24. Nb5 Nxb5 25. Qxb5 Rxd1+ 26. Rxd1 Rxc4 27. Bf1 Qb7 28. Rd8+
Kh7 29. h3 Qxf3+ 30. Kg1 Rc7 31. Qe8 h5 32. Qg8+ Kh6 33. Qxe6 Rc5 34. h4 Re5
35. Qc8 Rxe3 $2 (35... Kh7) 36. Rh8+ 1-0

[Event "Baden"]
[Site "Baden"]
[Date "1980.??.??"]
[Round "1"]
[White "Vaganian, Rafael A"]
[Black "Seirawan, Yasser"]
[Result "1-0"]
[WhiteElo "2590"]
[BlackElo "2510"]
[Annotator "Dolmatov,S"]
[PlyCount "97"]
[EventDate "1980.??.??"]
[EventType "tourn"]
[EventRounds "15"]
[EventCountry "AUT"]
[EventCategory "12"]
[SourceTitle "MCL"]
[Source "ChessBase"]
[SourceDate "1999.07.01"]
[SourceVersion "1"]
[SourceVersionDate "1999.07.01"]
[SourceQuality "1"]

1. d4 d6 2. Nf3 g6 3. g3 Bg7 4. Bg2 c5 5. O-O cxd4 6. Nxd4 Nf6 (6... d5 $5) 7.
c4 O-O 8. Nc3 a6 $6 (8... Nc6 9. Nxc6 bxc6 10. Bxc6 Bh3 11. Bxa8 Qxa8 12. f3
Bxf1 13. Kxf1 Rc8 14. Qd3 Qb7 15. Rb1 $14 {Vukic,M-Nemet,I/Vinkovci/1977/->})
9. b3 e6 10. Qd2 Qc7 11. Rd1 Rd8 $6 (11... Nbd7 12. Ba3 Nc5 $14) 12. Ba3 Nbd7
13. Na4 Ne8 (13... Nc5 $2 14. Nxc5 dxc5 15. Nb5 $16) 14. Rac1 Bf8 $16 15. Bb4
Ra7 16. Ba5 b6 17. Nxb6 Nxb6 18. Nc6 Rd7 $8 19. Nxa7 Qxa7 20. Bc6 Na8 21. c5 d5
22. Bxd7 Qxd7 23. c6 Qa7 24. a4 Nac7 25. Qe3 $5 (25. b4 e5 26. Rb1 Bf5 27. b5
axb5 28. axb5 Bxb1 29. Rxb1 $16) 25... Qxe3 26. fxe3 Bh6 27. Kf2 e5 28. b4 d4
29. exd4 Bxc1 30. Rxc1 exd4 31. Bxc7 Nxc7 32. Rc5 Kf8 $18 33. b5 axb5 34. axb5
Na8 35. Rd5 Ke7 36. Rxd4 Nb6 37. Ke3 $18 Be6 38. Kd3 f5 39. Rh4 h5 40. Kd4 Kd6
41. e4 fxe4 42. Rxe4 Bc4 43. Re5 Bf7 44. Re2 Be6 45. h4 Bf5 46. Re8 Nc8 47. Rf8
Nb6 48. Rf7 Nd5 49. Rb7 (49. Rd7+ $1 Bxd7 50. cxd7 $18) 1-0

[Event "Linares-03"]
[Site "Linares"]
[Date "1981.01.17"]
[Round "1"]
[White "Ribli, Zoltan"]
[Black "Gligoric, Svetozar"]
[Result "1-0"]
[WhiteElo "2585"]
[BlackElo "2530"]
[Annotator "Kharitonov,A"]
[PlyCount "117"]
[EventDate "1981.01.17"]
[EventType "tourn"]
[EventRounds "11"]
[EventCountry "ESP"]
[EventCategory "13"]
[SourceTitle "MCL"]
[Source "ChessBase"]
[SourceDate "1999.07.01"]
[SourceVersion "1"]
[SourceVersionDate "1999.07.01"]
[SourceQuality "1"]

1. Nf3 Nf6 2. c4 c5 3. Nc3 Nc6 4. g3 g6 5. d4 Bg7 6. Bg2 O-O 7. O-O d6 8. dxc5
dxc5 9. Bf4 Nd4 $6 (9... Nh5 10. Be3 (10. Bd2 b6 $5 (10... Rb8 11. Qc1 Nd4 12.
Bh6 Bg4 13. Bxg7 Nxg7 14. Ne5 $1 Bxe2 15. Re1 f6 16. Nxg6 hxg6 17. Nxe2 $16 {
Lysenko,A-Dolmatov,S/URS/1974/1:0 (23)/}) 11. Qc1 Bb7 12. Bh6 Qc8 (12... e6 $5)
13. Bxg7 Kxg7 14. Rd1 Nf6 15. Nd5 Nb4 16. Qc3 {Kharitonov,A-Chiburdanidze,M/
URS/1980/0,5 (53)/}) 10... Qa5 11. Qc1 Nd4 12. Re1 Be6 13. Bd2 Qd8 $13) 10. Be5
$1 Nc6 (10... Nxf3+ 11. Bxf3 $16) 11. Bf4 Nd4 12. Be5 Nc6 13. Qxd8 Rxd8 14. Bc7
$1 Rf8 (14... Rd7 $142 15. Bf4 Rd8 (15... Nd4 16. Rfd1 Nh5 17. Bd2 Rd8 18. Nxd4
cxd4 19. Nd5 $16) 16. Ne5 Nxe5 17. Bxe5 Ne8 18. Bxg7 Kxg7 19. Rfd1 Be6 20. Bxb7
Rxd1+ 21. Rxd1 Rb8 22. Bc6 Bxc4 $14 {Larsen,B-Evans,L/Dallas/1957/0,5 (50)/})
15. Ne5 $1 $16 Nd4 (15... Nxe5 16. Bxe5 Ne8 17. Bxg7 Kxg7 18. Na4 $18) (15...
Ne8 16. Nxc6 Nxc7 17. Nxe7+ $18) 16. Nd3 $1 Nd7 17. Rfd1 Re8 (17... Ne6 18. Ba5
Rb8 19. Nd5 Re8 20. Nc7 $1 Nxc7 21. Bxc7 Ra8 22. Rac1 $16) 18. Rac1 a6 19. e3
Ne6 20. Nd5 $1 (20. Ba5 $6 Rb8 21. Nd5 b6 22. Bc3 Bb7 $14) 20... Ra7 (20... b5
$2 21. Nxe7+ Rxe7 22. Bd6 $18) 21. Bb6 $1 Nxb6 (21... Ra8 22. b3 $16) 22. Nxb6
a5 23. b3 $22 $18 h5 (23... Ra6 24. Nxc8 Rxc8 25. Bxb7) 24. h4 Bf6 25. Kf1 Bg7
26. Ke2 a4 (26... Bf6 27. Bd5 $18) 27. bxa4 Nf8 28. Nxc5 Bf5 (28... Ra5 29. Nb3
Ra7 30. a5 $18) 29. Rd2 Be5 30. Nb3 Nh7 (30... Bc7 31. a5) 31. a5 Nf6 32. Rcd1
Kf8 33. Rd8 Bc7 34. Rxe8+ Kxe8 35. c5 Ne4 36. Rd4 Nf6 (36... Nc3+ 37. Kd2 Nxa2
38. Ra4 $18) 37. Ra4 e5 38. Nd5 Nxd5 39. Bxd5 Ke7 (39... Bd7 40. Rb4 Bc8 41.
Rb5 $18) 40. Rb4 Bc8 41. Rb5 f6 42. Kd3 g5 43. Kc3 gxh4 44. gxh4 f5 45. Kb4 e4
46. a4 Kf6 47. Nd4 f4 48. Bxe4 fxe3 49. fxe3 Bg3 50. Rb6+ (50. Nf3 $5) 50...
Ke5 51. Bg2 Be1+ 52. Kb3 Bf2 (52... Bxa5 53. Rh6 Bg4 54. c6 $18) 53. c6 Bxe3
54. Rb5+ $1 Kf6 (54... Kxd4 55. Rd5#) 55. cxb7 Bxb7 56. Bxb7 Bxd4 57. a6 Kg6
58. Rg5+ Kh6 59. Rg2 (59. Rg2 Bf6 60. Rh2 Kg6 61. Kc4 Kf5 62. Rf2+ Ke5 63. Rxf6
Kxf6 64. Kb5 $18) 1-0

[Event "Munich SKA"]
[Site "Munich"]
[Date "1991.05.06"]
[Round "3"]
[White "Polgar, Zsuzsa"]
[Black "Wahls, Matthias"]
[Result "1/2-1/2"]
[WhiteElo "2510"]
[BlackElo "2560"]
[Annotator "Polgar,Zsu"]
[PlyCount "104"]
[EventDate "1991.05.04"]
[EventType "tourn"]
[EventRounds "13"]
[EventCountry "GER"]
[EventCategory "14"]
[SourceTitle "CBM 023"]
[Source "ChessBase"]
[SourceDate "1991.08.01"]
[SourceVersion "1"]
[SourceVersionDate "1991.08.01"]
[SourceQuality "1"]

1. d4 Nf6 2. c4 g6 3. Nf3 Bg7 4. g3 c5 5. Bg2 cxd4 6. Nxd4 O-O 7. Nc3 Nc6 8.
O-O d6 (8... Ng4 $5) (8... Nxd4 9. Qxd4 d6 10. Qd3 $14) 9. Nxc6 bxc6 10. Bxc6
Rb8 (10... Bh3 11. Bxa8 Qxa8 12. f3 Bxf1 13. Kxf1 Rc8 14. Qd3 Qb7 15. Rb1 $16 {
Vukic-Nenet,Vinkovci 1977-23/642.}) 11. Bg2 Qa5 12. Nb5 (12. Qc2 Be6 13. b3 d5
$10) 12... Bb7 (12... a6 13. Bd2 Qb6 14. Nc3 $16 {Pfleger-Pribyl,1973-15/589.})
13. Bd2 {N} (13. Bxb7 Rxb7 14. Qd3 d5 15. Nc3 dxc4 16. Qxc4 h5 17. Rd1 Rb4 18.
Qc6 h4 19. Nd5 Nxd5 20. Rxd5 Qb6 21. Qxb6 axb6 $146 {Savon-Yermolinsky 1985
-41/(653)}) 13... Qa6 (13... Qb6 $2 14. Be3 $18) 14. Bxb7 Rxb7 (14... Qxb7 15.
b3 Ne4 16. Rb1 $16) 15. Bc3 Rc8 (15... d5 16. Bxf6 Bxf6 17. Qxd5 Bxb2 18. Rab1
Bf6 19. a3 Rfb8 20. Rb4 Qa5 21. Rfb1 a6 22. Nc3 $16) 16. a4 (16. b3 d5 17. Bxf6
Bxf6 18. Qxd5 Bxa1 19. Rxa1 $146) 16... Rxc4 17. b3 Rc8 (17... Rc6 18. Rc1) 18.
Rc1 Nd7 (18... Rd7 $5 19. Bd4 Rxc1 20. Qxc1 e5 21. Bxa7 $1 Rxa7 22. Nxa7 Qxa7
23. Qc6 d5 24. b4 $16) 19. Bxg7 Rxc1 20. Qxc1 Kxg7 21. Qc3+ f6 $6 (21... Nf6
22. Nc7 Qxe2 (22... Qb6 23. Ne8+ Kg8 24. Nxf6+ exf6 25. Qxf6 Qxb3 26. Rc1 Rb8
27. Qxd6 $16) 23. Ne8+ Kh6 24. Nxf6 exf6 25. Re1 $16) 22. Qc8 Qb6 (22... Nc5 $2
23. b4 $1 Nxa4 24. Nc7 Qb6 25. Ne6+ Kh6 26. Qf8+ Kh5 27. h3 f5 28. Qg7 h6 29.
Nf4+ $18) 23. Rc1 Nc5 24. Qe8 $1 (24. b4 $2 Rb8 $1) 24... a6 (24... Nxb3 $2 25.
Rc8 Kh6 26. Qf7 Nd4 27. Rh8 $18) 25. Nd4 f5 (25... e5 $2 26. Rxc5 $1 dxc5 27.
Ne6+ Kh6 28. Qf8+ Kh5 29. Qxf6 $18) (25... Qb4 $2 26. Rxc5 $1 Qxd4 (26... dxc5
27. Ne6+ Kh6 28. Qf8+ Kh5 29. Nf4+ Kg5 30. h4+ Kg4 31. Qc8+ f5 32. Kg2 $18) 27.
Rc8 $18) 26. Rc4 a5 $2 $138 (26... e5 $1 27. b4 exd4 28. bxc5 dxc5 29. Qe5+ Kf7
30. Rxc5 Qb1+ 31. Kg2 Qe4+ 32. f3 Qxe5 33. Rxe5 $14) 27. Nb5 $2 (27. e3 $1 $18)
27... d5 $1 28. Rc2 Ne4 $1 29. e3 Nf6 (29... Nc5 $2 30. h4 $18) 30. Qc8 Rb8 31.
Qc7 Qxc7 (31... Kf7 32. Qe5 $1) 32. Rxc7 Kf7 33. Ra7 (33. f3 g5) 33... Ne4 34.
Rxa5 Nc5 $6 (34... Rc8 $5) 35. Nd4 (35. Nc7 Nxb3 36. Rxd5 Rc8 37. Nb5 Ra8)
35... Nxb3 36. Nxb3 (36. Rxd5) 36... Rxb3 37. Rxd5 {R6/f} Ke6 38. Ra5 g5 (38...
Kf6 39. Ra8 Ra3 40. a5 e5 41. a6 Kg7 42. a7 Ra1+ 43. Kg2 e4 44. f4 $1 $18) 39.
h3 (39. g4 $1 f4 40. exf4 gxf4 41. Rf5 $18) 39... Kf6 40. g4 e6 41. gxf5 (41.
Kg2 f4 42. Kf3 fxe3 43. fxe3 Rb1 44. Ra7 h6 45. a5 Rh1 46. Kg2 Re1 47. Kf2 Rh1
48. a6 Rxh3 49. Ra8 Rh2+ 50. Kf3 Ra2 51. a7 Kg7 $10) 41... exf5 42. Ra6+ (42.
Ra8 h5 (42... Rb4 43. a5 Ra4 44. a6 Kg7 (44... Kg6 $1 45. a7 Kh5 46. Rf8 Rxa7
47. Rxf5 $16) 45. a7 h5 46. h4 $1 $18) 43. h4 $1 gxh4 44. a5 Ra3 45. a6 Kg7 46.
a7 $18) 42... Kg7 43. Kg2 $2 (43. a5 $1 Ra3 44. Ra7+ Kg6 45. a6 Ra4 46. Ra8 Kh5
$1 $16) 43... Rb4 $1 44. a5 Ra4 45. Ra7+ Kg6 46. a6 h5 47. Ra8 Kg7 $10 48. a7 (
48. h4 Rxh4 49. f4 gxf4 50. a7 f3+ $1 51. Kxf3 Ra4 $10) 48... h4 $1 (48... Kh7
$2 49. h4 $1 gxh4 50. f4 $18) 49. Kf3 (49. f4 g4 50. hxg4 fxg4 51. f5 Ra2+ 52.
Kf1 Ra1+ 53. Ke2 Ra2+ $10 54. Kd3 $2 h3 55. f6+ Kxf6 56. Rf8+ Ke7 57. a8=Q Rxa8
58. Rxa8 h2 59. Rh8 g3 $19) 49... Ra5 50. Kg2 Ra4 51. Kf1 Ra1+ 52. Kg2 Ra2
1/2-1/2

[Event "Hamburg SKA"]
[Site "Hamburg"]
[Date "1991.07.03"]
[Round "6"]
[White "Jussupow, Artur"]
[Black "Wegner, Hannu"]
[Result "1-0"]
[WhiteElo "2605"]
[BlackElo "2435"]
[Annotator "Jussupow,A"]
[PlyCount "125"]
[EventDate "1991.06.27"]
[EventType "tourn"]
[EventRounds "13"]
[EventCountry "GER"]
[EventCategory "11"]
[SourceTitle "CBM 024"]
[Source "ChessBase"]
[SourceDate "1991.10.01"]
[SourceVersion "1"]
[SourceVersionDate "1991.10.01"]
[SourceQuality "1"]

1. d4 {Knaak} Nf6 2. Nf3 g6 3. c4 Bg7 4. g3 c5 5. Bg2 cxd4 6. Nxd4 Nc6 7. O-O
O-O 8. Nc3 d6 9. Nxc6 (9. Nc2 $5) 9... bxc6 10. Bxc6 Rb8 11. Bg2 Qa5 12. Nb5
Bb7 13. Bxb7 Rxb7 14. Bd2 (14. Qd3 {Knaak} d5 15. Nc3 dxc4 16. Qxc4 h5 17. Rd1
Rb4 18. Qc6 h4 19. Nd5 Nxd5 20. Rxd5 Qb6 21. Qxb6 axb6 $44 {Savon-Ermolinski/
URS/1985}) 14... Qa6 15. Bc3 Rc8 16. a4 $5 (16. Na3 d5 $1 {Krogius,N-Kholmov,R
(ch-USSR 1965)}) 16... Rxc4 17. b3 Rc8 18. Rc1 Bh6 {N} (18... Nd7 19. Bxg7 Rxc1
20. Qxc1 Kxg7 21. Qc3+ {-Polgar,Zso-Wahls,M (Munich 1991)}) 19. e3 (19. Rc2 Qc6
$10) 19... Ne4 20. Bb2 $6 (20. Bd4 $5) (20. Ba1) 20... Rxc1 21. Qxc1 Nc5 $2 (
21... Rb8 $142 22. Qc7 Qb7 $10) 22. Qc3 $16 e5 23. Ba3 $1 Rxb5 (23... Qc6 24.
Rc1 (24. Nxd6 Qxd6 25. Bxc5 $16) 24... Bf8 25. Bxc5 Qxc5 26. Qd2 $16) 24. axb5
Qxa3 25. Ra1 Qxb3 26. Qxb3 Nxb3 27. Rxa7 Nc5 28. b6 Bf8 (28... d5 $5 {Knaak})
29. b7 (29. g4 $142 $1) 29... Nxb7 30. Rxb7 h5 31. e4 Kg7 32. Kf1 (32. Rb8 $5
Be7 $140 33. Re8) 32... Kf6 33. Ke2 Ke6 34. Kd3 Bh6 35. Rc7 Bg5 36. Rc8 {
If Black defends passivly, White's plan is simple: the king goes to c6, and
after Re8 Black would be in zugzwang.} f5 37. f3 f4 $1 38. gxf4 (38. Rh8 $5) (
38. g4 $5) 38... Bxf4 39. h3 $6 (39. Rc2 $142 $5) 39... Bg3 40. Rc2 Be1 41. Rg2
(41. Kc4 Kf6 42. Kd5 Kg5 {And as a result of white's unaccuracy Black has a
contrplay.}) 41... Kf6 42. Kc4 Ba5 43. Kd5 Bb4 44. Kc6 Bc5 45. Kd7 Bb4 46. Ke8
Bc5 47. Kd8 {With an idea to win some time.} Bb4 48. Kc7 Bc5 49. Kc6 Bb4 50.
Kd5 Bc5 51. Rc2 Bb4 (51... Kg5 $4 52. Rxc5 dxc5 53. Kxe5 c4 54. f4+ $18 Kh4 55.
Kd4) 52. Rb2 Bc5 53. Rb5 {It's a bluff.Now and later Black could make a draw
by moving his bishop to f4.} (53. f4 $2 Be3 $1 $10) 53... Ba3 (53... Be3 54.
Kxd6 Bf4 55. Rb8 Kg5 56. Rg8 Kh4 57. Rxg6 Kxh3 58. Ke6 h4 59. Kf5 Kh2 60. Kg4
h3 61. Rg8 Kg2 62. Kh4+ Kh2 $10) 54. Ra5 Bb4 55. Ra4 Bc5 56. Rc4 Ba3 57. Rc3
Bb4 58. Rb3 Bc5 $2 (58... Bd2 $1 59. Rb6 Kg5 60. Rxd6 Bf4 61. Re6 Kh4 62. Rxg6
Kxh3 63. Ke6 h4 64. Rg4 Bg3 65. Kf5 Kg2 66. Rxh4 $10) 59. f4 $1 exf4 60. e5+
dxe5 61. Kxc5 g5 62. Kd5 g4 63. h4 $1 $18 {Yusupov} (63. h4 Kf5 (63... f3 64.
Ke4 $18) (63... g3 64. Ke4 $18) 64. Rb8 g3 65. Rg8 (65. Rf8+ Kg4 66. Kxe5 g2 (
66... Kxh4 67. Kxf4 Kh3 68. Rg8 h4 69. Kf3 Kh2 70. Rg4 Kg1 71. Rxh4 g2 72. Rg4
Kh1 73. Kf2 $18) 67. Rg8+ Kf3 68. Kf5 $18) 65... f3 66. Rxg3 e4 (66... Kf4 67.
Rg8 e4 68. Kd4 f2 69. Rf8+ Kg3 70. Kxe4 Kg2 71. Rxf2+ Kxf2 72. Kf4 $18) 67. Kd4
f2 68. Rg8 $1 $18) 1-0

[Event "World Cup"]
[Site "Reykjavik"]
[Date "1991.??.??"]
[Round "14"]
[White "Salov, Valery"]
[Black "Speelman, Jonathan S"]
[Result "1/2-1/2"]
[WhiteElo "2665"]
[BlackElo "2630"]
[Annotator "Speelman,J"]
[PlyCount "57"]
[EventDate "1991.09.??"]
[EventType "tourn"]
[EventRounds "15"]
[EventCountry "ISL"]
[EventCategory "16"]
[SourceTitle "CBM 026"]
[Source "ChessBase"]
[SourceDate "1992.02.01"]
[SourceVersion "1"]
[SourceVersionDate "1992.02.01"]
[SourceQuality "1"]

1. d4 d6 2. Nf3 g6 3. g3 Bg7 4. Bg2 Nf6 5. O-O O-O 6. c4 c5 7. Nc3 Nc6 8. dxc5
dxc5 9. Bf4 Bd7 $5 10. Ne5 Nxe5 11. Bxe5 Qc8 12. Qb3 (12. Nd5 Nxd5 13. Bxg7 Ne3
14. Qb3 $1 Kxg7 (14... Nxf1 $5 15. Bxf8 Nd2 16. Qc3 Qxf8 17. Qxd2 Qc8 $14) (
14... Nxg2 $6 15. Bxf8 Kxf8 16. Rfd1 Bh3 {xNg2}) 15. Bxb7 Qc7 16. fxe3 Rab8 17.
Qc3+) 12... Bc6 13. Nd5 (13. Bxc6 Qxc6 14. Nd5 Rae8 $10) 13... Nxd5 14. Bxg7 (
14. cxd5 Bxe5 15. dxc6 bxc6 $10) 14... Nf4 $1 $8 15. Bxf8 {Agreed drawn in
Gorelov-Muratov Moscow 1988!} Nxe2+ 16. Kh1 Nd4 17. Qe3 Bxg2+ 18. Kxg2 Qc6+ 19.
f3 Rxf8 $44 20. Rf2 Nf5 (20... e6 21. b4 $5) (20... b6 21. b4 $5 (21. Qxe7 Re8
22. Qg5 Nxf3 23. Qd5 Qxd5 24. cxd5 Nd4) 21... Nf5 22. Qe4 Qf6 $1) 21. Qa3 (21.
Qd3 $5) 21... Rd8 22. Re1 e6 23. Qxa7 (23. g4 $2 Nd4 24. Qxa7 $2 Nxf3 $1) 23...
b6 24. Qa3 (24. g4 $5 Ra8 25. Qxa8+ Qxa8 26. gxf5 gxf5 27. b3 Qd8 $10) 24...
Ra8 25. Qc3 Rxa2 26. Qf6 (26. b3 $1 $14 Ra7 27. Ra1 Ne3+ $2 (27... Rxa1 28.
Qxa1 Nd4 $14) 28. Kg1 Qd6 $2 29. Rfa2 $1) 26... Qd6 $6 (26... Qd7 $1 27. b3 Ra7
28. Ra1 $2 (28. g4 Qd4 {= the game.}) 28... Ne3+ 29. Kg1 (29. Kh3 $4 e5+) 29...
Qd3) 27. b3 Ra7 28. g4 (28. Ra1 $1 Ne3+ 29. Kh3 (29. Kg1 $4 e5 $1) 29... Rxa1
30. Qxa1 Qf8 $6 (30... Qd3 $5 31. Qa8+ Kg7 32. Qe4 $14 {x Kg7}) 31. Qf6 $8 (31.
g4 $2 Qh6+ 32. Kg3 g5)) 28... Qd4 29. Qxd4 (29. Qg5 h6 30. Qc1 Nh4+ 31. Kg3 g5)
1/2-1/2

[Event "Metz op 11th"]
[Site "Metz"]
[Date "1993.??.??"]
[Round "?"]
[White "Pigusov, Evgeny"]
[Black "Istratescu, Andrei"]
[Result "1-0"]
[WhiteElo "2575"]
[BlackElo "2470"]
[Annotator "Pigusov,E"]
[PlyCount "53"]
[EventDate "1993.04.??"]
[EventType "swiss"]
[EventRounds "9"]
[EventCountry "FRA"]
[SourceTitle "CBM 037"]
[Source "ChessBase"]
[SourceDate "1993.12.01"]
[SourceVersion "1"]
[SourceVersionDate "1993.12.01"]
[SourceQuality "1"]

1. Nf3 Nf6 2. c4 g6 3. d4 Bg7 4. g3 O-O 5. Bg2 d6 6. O-O c5 7. Nc3 Nc6 8. dxc5
dxc5 9. Bf4 Be6 10. Ne5 Na5 11. Qa4 Nd7 12. Nxd7 (12. Rad1 $4 Bxe5 $1 13. Bxe5
Nxc4 14. Bf4 Nxb2 $19) 12... Bxd7 13. Qc2 Bf5 14. e4 $1 $14 (14. Qc1 Qc8 15.
Nd5 Nc6 16. Bh6 Bh3 17. Bxg7 Kxg7 18. Qc3+ Kg8 19. a3 Bxg2 20. Kxg2 Qg4 21. e3
b5 $10 {Kiselev-Istratescu/1993/}) 14... Bd7 15. Nd5 Nc6 16. Qd2 Qc8 $6 (16...
e6 $5 17. Nc3 e5 18. Be3 Nd4 19. f4 $36) 17. Be3 b6 18. f4 Rd8 19. f5 e6 $2 (
19... gxf5 $6 20. Bh6 $1 f6 21. exf5 (21. e5 Be6 $13) 21... Bxf5 (21... Bxh6
22. Qxh6 Bxf5 23. Rae1 $18) 22. Bxg7 Kxg7 23. Qf2 $1 {/\ Ne7} e6 24. Ne3 {/\ g4
} Rf8 25. Qf3 $16) (19... f6 $5 $8) 20. fxg6 $1 exd5 (20... hxg6 21. Nf6+ $16)
21. gxf7+ Kh8 (21... Kf8 22. exd5 Ne5 23. Bh6 Ng6 24. Bxg7+ Kxg7 25. Qc3+ Kf8 (
25... Kh6 26. Qf6 $18 {/\ Rf1-f4}) 26. Be4 $18) 22. exd5 $18 Ne7 23. Bh6 Bd4+ (
23... Nf5 24. Bxg7+ Nxg7 25. Be4 Bf5 26. Bxf5 Nxf5 27. Rxf5 $1 Qxf5 28. Qc3+)
24. Kh1 Nf5 25. Be4 Nd6 26. Bc2 b5 $2 (26... Rf8 27. Bxf8 Qxf8 28. Qd3 Qg7 29.
f8=Q+ $18) 27. f8=Q+ 1-0

[Event "Groningen op"]
[Site "Groningen"]
[Date "1993.??.??"]
[Round "10"]
[White "Schwartzman, Gabriel"]
[Black "Sutovsky, Emil"]
[Result "1-0"]
[WhiteElo "2480"]
[BlackElo "2410"]
[Annotator "Schwartzman,G"]
[PlyCount "71"]
[EventDate "1993.12.??"]
[EventType "swiss"]
[EventRounds "11"]
[EventCountry "NED"]
[SourceTitle "CBM 041"]
[Source "ChessBase"]
[SourceDate "1994.08.01"]
[SourceVersion "1"]
[SourceVersionDate "1994.08.01"]
[SourceQuality "1"]

1. c4 Nf6 2. Nc3 g6 3. g3 Bg7 4. Bg2 O-O 5. d4 d6 6. Nf3 c5 7. O-O Nc6 8. dxc5
dxc5 9. Bf4 (9. Be3 {55/(571)}) 9... Be6 (9... Bd7 {52/589}) 10. Ne5 Na5 11.
Qa4 Nd7 12. Nxd7 Bxd7 13. Qc2 Nc6 14. Rad1 Nd4 15. Qd2 (15. Qc1 $5) 15... Bc6
16. Bh6 Bxg2 17. Kxg2 Qd7 $6 (17... Bxh6 $142 18. Qxh6 Qd7) 18. Bxg7 Kxg7 19.
e3 $1 Qc6+ 20. f3 $1 Nf5 21. Kf2 $1 $14 {/\e4,פf5} Nd6 22. Nd5 Rfe8 (22... e6
$2 23. Ne7 $18) 23. Qc3+ (23. Nxe7 $2 Ne4+ 24. fxe4 Rxe7 $15) 23... f6 24. e4
Nf7 $6 (24... e5 $142) 25. Kg1 $1 {/\f3-f4} e5 26. f4 $16 {עg7} Re6 $8 (26...
exf4 27. Rxf4 Re6 28. Rxf6 Rxf6 29. Rf1 $18) 27. fxe5 $1 (27. f5 $6 Rd6 $1)
27... fxe5 (27... Nxe5 $2 28. Rxf6 $1 Rxf6 29. Qxe5 Qe6 (29... Raf8 30. Rf1 $18
) 30. Qc3 $1 Raf8 (30... Kf7 31. Nxf6 Qxf6 32. Rf1) 31. Rf1 $18) 28. Qe3 Nd6
29. b3 Ne8 $6 30. Qf3 Nd6 $8 (30... Nf6 31. Nxf6 Rxf6 32. Qxf6+ Qxf6 33. Rd7+
$18) 31. Rf2 {בf} Rh8 32. Rdf1 Qc8 (32... h6 33. Qf7+ Nxf7 34. Rxf7+ Kg8 35.
Rf8+ Kg7 36. R1f7#) 33. Qg4 h5 $6 $138 (33... Ree8 34. Qg5 Rhf8 35. Rxf8 Rxf8
36. Qxe5+) 34. Qg5 $1 $18 {[#]} Qd8 (34... Nxe4 35. Rf7+ Kg8 36. Qxg6+ Rxg6 37.
Ne7#) 35. Rf6 Rxf6 36. Rxf6 1-0

[Event "Belgrade"]
[Site "Belgrade"]
[Date "1994.??.??"]
[Round "5"]
[White "Drasko, Milan"]
[Black "Velimirovic, Dragoljub"]
[Result "1/2-1/2"]
[WhiteElo "2520"]
[BlackElo "2525"]
[Annotator "Dautov,R"]
[PlyCount "82"]
[EventDate "1994.??.??"]
[EventType "tourn"]
[EventRounds "9"]
[EventCountry "YUG"]
[EventCategory "12"]
[SourceTitle "CBM 043"]
[Source "ChessBase"]
[SourceDate "1994.12.01"]
[SourceVersion "1"]
[SourceVersionDate "1994.12.01"]
[SourceQuality "1"]

1. Nf3 c5 2. c4 g6 3. g3 Bg7 4. Bg2 Nc6 5. O-O d6 6. Nc3 Nf6 7. d4 O-O 8. dxc5
dxc5 9. Bf4 Nh5 10. Be3 Nd4 11. Qd2 (11. Qc1) 11... Bg4 12. Rfd1 (12. Rad1 Bxf3
13. exf3 e6 $5 (13... e5) 14. Ne4 b6 15. b4 Qc7 16. bxc5 Rfd8 17. cxb6 axb6 18.
Qb4 Rxa2 $14 {Larsen-Ribli/Riga izt/1979}) 12... Bxf3 13. exf3 $1 $146 (13.
Bxf3 Nxf3+ 14. exf3 b6 15. Qe2 (15. Qd7 Bd4 $10) 15... Qc7 16. Rd3 Bxc3 17.
Rxc3 Rfd8 $10 {Arkell-Hebden/England/1989}) 13... e5 14. Nd5 f5 15. b4 b6 (
15... cxb4 16. Qxb4 Rf7 17. Bxd4 exd4 18. f4 $14 {פh5}) 16. bxc5 bxc5 17. Rab1
$14 Rf7 (17... Rb8 18. Bg5 $1 (18. Rxb8 Qxb8 19. Qa5 Qb2 20. Qxc5 (20. Qxa7 Qc2
21. Rf1 Qxc4 $10) 20... Qxa2 21. f4 Qb3 $132) 18... Nf6 (18... Qd7 19. Qa5) 19.
Rxb8 Qxb8 20. Bxf6 Bxf6 21. Qa5 Ne6 22. Qa6 Kf7 23. Rd3 $40) (17... f4 18. Bxd4
cxd4 19. Rb7 $14) 18. Re1 Qd6 (18... Rd7 19. Bg5 Qf8 20. Qa5 f4 {/\h6} 21. Qa4
(21. g4 Nf6 22. Bxf6 Bxf6 23. Nxf6+ Qxf6 24. Qxc5 Re8 $14) 21... Rf7 22. g4 Nf6
23. Bxf6 Bxf6 24. Nxf6+ Rxf6 25. Rxe5 $14) (18... f4 19. Bxd4 cxd4 (19... exd4
20. Bh3 fxg3 21. hxg3 Kh8 22. f4 $14) 20. Rb5 $14) 19. Bxd4 $1 (19. Qa5 Nf6 20.
Nxf6+ Bxf6 $10) 19... cxd4 (19... exd4 20. f4 Rd8 21. Qa5 $14) 20. f4 e4 (20...
Rc8 21. fxe5 Bxe5 22. Qb4 $14 {/\} Nf6 $2 23. Nxf6+ Rxf6 24. Qa5 Rc5 25. Rb5
Rxb5 26. Qxb5 $18) 21. f3 e3 (21... exf3 22. Bxf3 $16) 22. Nxe3 Qc5 23. Nd1 (
23. Ng4 $5 fxg4 (23... Nxg3 24. hxg3 fxg4 25. fxg4 d3+ 26. Kh2 Rd8 27. Bd5 $18)
(23... Qxc4 24. Ne5 Bxe5 25. fxe5 $16) 24. fxg4 Rd8 25. gxh5 d3+ 26. Kh1 Qxc4
27. hxg6 hxg6 28. Rbc1 $16) 23... Qxc4 24. Bf1 Qc8 (24... Qd5 25. Rc1 $16) 25.
Nf2 Rc7 26. Qa5 $16 {><e5} Rc5 (26... Nf6 27. Nd3 h6 28. Ne5 Kh7 29. Ba6 Qd8
30. Bb7 Rb8 31. Nc6 Rcxb7 32. Rxb7 $18) 27. Qa4 Qc6 28. Qb3+ Kh8 29. Nd3 Ra5
30. Qb7 $1 (30. Ne5 Bxe5 31. fxe5 f4 32. g4 Ng7 33. e6 $16) 30... Qxb7 31. Rxb7
Bf6 (31... Rxa2 32. Ree7 $18 {/\g4}) 32. g4 fxg4 33. fxg4 Bh4 34. Rc1 Nf6 35.
g5 $2 (35. Rcc7 $1 g5 36. Ne5 Rf8 (36... gxf4 37. Rxh7+ $1 Nxh7 38. Ng6+ Kg8
39. Bc4+) 37. Bc4 $18) 35... Nd5 $132 36. Rc6 Rxa2 37. Rd6 Ne3 $10 38. Rdd7 Ra1
39. Rxh7+ Kg8 40. Rbg7+ Kf8 41. Rf7+ Kg8 1/2-1/2